Daň z príjmov právnických osôb a právna úprava jej platenia bakalárska práca

Saved in:
Bibliographic Details
Main Author: Horváthová, Dominika
Corporate Author: Fakulta hospodárskej informatiky EU. Katedra účtovníctva a audítorstva
Other Authors: Marci, Anton, 1989-
Format: Book
Language:Slovak
Published: Bratislava 2020
Tags: Add Tag
No Tags, Be the first to tag this record!

MARC

LEADER 00000nbm a2200000 4500
001 0264713
005 20210427212948.0
041 0 |a slo 
044 |a SK 
245 1 0 |a Daň z príjmov právnických osôb a právna úprava jej platenia  |b bakalárska práca  |c Dominika Horváthová ; školiteľ: Anton Marci 
264 1 |a Bratislava  |c 2020 
300 |a 51 s. 
100 1 |a Horváthová, Dominika 
700 1 |a Marci, Anton, 1989- 
710 2 |a Fakulta hospodárskej informatiky EU. Katedra účtovníctva a audítorstva